[Event "Open A"]
[Site "Kowalewo Pomorskie"]
[Date "2009.07.04"]
[Round "1.1"]
[White "Grabarczyk, Miroslaw"]
[Black "Kubicki, Marek"]
[Result "1-0"]
[WhiteElo "2480"]
[BlackElo "2152"]
[PlyCount "56"]
[EventDate "2009.??.??"]

1. d4 d5 2. c4 c6 3. Nf3 Nf6 4. Qc2 g6 5. Bf4 Bg7 6. e3 Bf5 7. Qb3 Qb6 8. Nc3
dxc4 9. Bxc4 Qxb3 10. Bxb3 O-O 11. h3 Be4 12. Nxe4 Nxe4 13. Ne5 Bxe5 14. Bxe5
Nd7 15. Bh2 Rad8 16. Rd1 Nb6 17. Ke2 e6 18. f3 Nd6 19. Rc1 Rfe8 20. Be5 Nd5 21.
e4 Ne7 22. h4 Kf8 23. h5 Ng8 24. hxg6 hxg6 25. g4 f6 26. Bf4 Nf7 27. Be3 Kg7
28. Rh2 g5 1-0

[Event "Open A"]
[Site "Kowalewo Pomorskie"]
[Date "2009.07.04"]
[Round "1.2"]
[White "Zurkowski, Andrzej"]
[Black "Mikrut, Dariusz"]
[Result "0-1"]
[WhiteElo "2150"]
[BlackElo "2400"]
[PlyCount "60"]
[EventDate "2009.??.??"]

1. d4 g6 2. e4 Bg7 3. Bc4 c5 4. dxc5 Qa5+ 5. Nd2 Qxc5 6. Ngf3 Nf6 7. Qe2 d6 8.
h3 O-O 9. O-O Nbd7 10. Nb3 Qc7 11. Bd2 b6 12. Bc3 Bb7 13. Bd3 e5 14. a4 Rfe8
15. Nfd2 d5 16. a5 dxe4 17. Nxe4 Nd5 18. axb6 axb6 19. Bd2 Nf4 20. Bxf4 exf4
21. Rxa8 Bxa8 22. Ra1 Bxb2 23. Ra2 Bg7 24. f3 Bd5 25. c4 Bc6 26. Qf1 Ne5 27.
Nf2 f5 28. Nc1 Bxf3 29. Ne2 Bc6 30. Nxf4 Nf3+ 0-1

[Event "Open A"]
[Site "Kowalewo Pomorskie"]
[Date "2009.07.04"]
[Round "1.3"]
[White "Brodowski, Piotr"]
[Black "Wisniewski, Adam"]
[Result "1-0"]
[WhiteElo "2397"]
[BlackElo "2105"]
[PlyCount "73"]
[EventDate "2009.??.??"]

1. c4 Nf6 2. g3 g6 3. Bg2 Bg7 4. Nc3 O-O 5. h3 d6 6. e4 c5 7. Nge2 Nc6 8. O-O
Ne8 9. d3 Nc7 10. a3 Ne6 11. Rb1 Ned4 12. b4 Nxe2+ 13. Nxe2 Nd4 14. Be3 Qc7 15.
f4 Bd7 16. Kh2 Rad8 17. bxc5 dxc5 18. e5 Bc6 19. Bxd4 Bxg2 20. Kxg2 Qc6+ 21.
Kh2 cxd4 22. Qb3 b6 23. Ng1 Qd7 24. Nf3 Qf5 25. Rfe1 Qh5 26. Kg2 Kh8 27. Qb4
Rd7 28. Qa4 Rfd8 29. g4 Qh6 30. e6 fxe6 31. Ng5 Kg8 32. Nxe6 Qh4 33. Nxd8 Rxd8
34. Qc6 Rd6 35. Qe4 Bf8 36. a4 h5 37. g5 1-0

[Event "Open A"]
[Site "Kowalewo Pomorskie"]
[Date "2009.07.04"]
[Round "1.4"]
[White "Kuchnio, Przemyslaw"]
[Black "Budrewicz, Krzysztof"]
[Result "0-1"]
[WhiteElo "2093"]
[BlackElo "2374"]
[PlyCount "68"]
[EventDate "2009.??.??"]

1. c4 Nf6 2. Nc3 g6 3. g3 d5 4. cxd5 Nxd5 5. Bg2 Nb6 6. Nf3 Bg7 7. O-O Nc6 8.
d3 O-O 9. Be3 h6 10. Rc1 e5 11. Ne4 Nd5 12. Bd2 a5 13. Nc5 b6 14. Qa4 Nce7 15.
Ne4 Bd7 16. Qc4 Be6 17. Qa4 c5 18. Bc3 f5 19. Ned2 Nxc3 20. bxc3 Rb8 21. Rfd1
g5 22. Qc2 g4 23. Ne1 Qe8 24. e3 Qf7 25. c4 Rbd8 26. Rb1 Rd6 27. Rb3 Bd7 28.
Rdb1 Rd8 29. Bf1 Ng6 30. Bg2 Kh8 31. f3 h5 32. f4 exf4 33. gxf4 Qe8 34. Nf1 Ba4
0-1

[Event "Open A"]
[Site "Kowalewo Pomorskie"]
[Date "2009.07.04"]
[Round "1.5"]
[White "Brzeski, Maciej"]
[Black "Bernacki, Krzysztof"]
[Result "1-0"]
[WhiteElo "2361"]
[BlackElo "2074"]
[PlyCount "85"]
[EventDate "2009.??.??"]

1. e4 c5 2. Nf3 Nc6 3. d4 cxd4 4. Nxd4 e5 5. Nb5 d6 6. c4 Be7 7. N1c3 a6 8. Na3
f5 9. exf5 Bxf5 10. Bd3 Be6 11. O-O Nf6 12. Nc2 O-O 13. Nd5 b5 14. Nce3 Nd4 15.
b3 Ra7 16. Bb2 Nxd5 17. Nxd5 Bf6 18. Nxf6+ Qxf6 19. Bxd4 exd4 20. cxb5 axb5 21.
Bxb5 Rc7 22. Rc1 Rc5 23. Bd3 Qh4 24. Rxc5 dxc5 25. Qc2 Bd5 26. g3 Qh3 27. Be4
Bxe4 28. Qxe4 Qd7 29. Rc1 Re8 30. Qd3 Re5 31. b4 cxb4 32. Qc4+ Qd5 33. Qxb4 h5
34. Rd1 Kh7 35. Qb3 Qc5 36. Qd3+ Kh8 37. Qxd4 Re1+ 38. Kg2 Qc6+ 39. Qd5 Qe8 40.
Rxe1 Qxe1 41. Qxh5+ Kg8 42. Qd5+ Kh8 43. a4 1-0

[Event "Open A"]
[Site "Kowalewo Pomorskie"]
[Date "2009.07.04"]
[Round "1.6"]
[White "Choroszej, Aleksander"]
[Black "Rutkowski, Maciej"]
[Result "0-1"]
[WhiteElo "2067"]
[BlackElo "2336"]
[PlyCount "62"]
[EventDate "2009.??.??"]

1. d4 Nf6 2. c4 c5 3. d5 b5 4. cxb5 a6 5. b6 a5 6. g3 d6 7. Nc3 Ba6 8. Bg2 g6
9. Nf3 Bg7 10. O-O O-O 11. Re1 Nbd7 12. e4 Ng4 13. Bf4 Qxb6 14. Qd2 Nge5 15.
Nxe5 Nxe5 16. Bxe5 Bxe5 17. f4 Bd4+ 18. Kh1 Rfb8 19. Rab1 Qb4 20. e5 a4 21. f5
Bxe5 22. Rxe5 dxe5 23. Be4 a3 24. bxa3 Qd4 25. Qc2 Rxb1+ 26. Nxb1 Bb7 27. Nc3
Rxa3 28. Ne2 Qa1+ 29. Ng1 Re3 30. Bg2 Qd4 31. fxg6 Re1 0-1

[Event "Open A"]
[Site "Kowalewo Pomorskie"]
[Date "2009.07.04"]
[Round "1.7"]
[White "Banasik, Krzysztof"]
[Black "Plichta, Kamil"]
[Result "0-1"]
[WhiteElo "2300"]
[BlackElo "2039"]
[PlyCount "74"]
[EventDate "2009.??.??"]

1. e4 c5 2. d3 Nc6 3. g3 g6 4. Bg2 Bg7 5. Ne2 d6 6. O-O e6 7. c3 Nge7 8. Be3 b6
9. d4 O-O 10. f4 Bb7 11. Na3 Rc8 12. Qd2 cxd4 13. cxd4 Na5 14. Rac1 Qd7 15. b4
Qa4 16. bxa5 Qxa3 17. axb6 axb6 18. Rxc8 Rxc8 19. Rb1 f5 20. Rb3 Qa6 21. d5 b5
22. exf5 exf5 23. Bf2 Ra8 24. Re3 Kf7 25. Nc3 b4 26. Qe1 Ng8 27. Bf1 Qa5 28.
Nb5 Bf8 29. Re6 Rd8 30. Rxd6 Bxd6 31. Qe6+ Kf8 32. Bc4 Bc8 33. Qe2 Nh6 34. Bd4
Nf7 35. Kg2 Ba6 36. Ba1 Bxb5 37. Bxb5 b3 0-1

[Event "Open A"]
[Site "Kowalewo Pomorskie"]
[Date "2009.07.04"]
[Round "1.8"]
[White "Rogala, Robert"]
[Black "Maciejewski, Miroslaw"]
[Result "1/2-1/2"]
[WhiteElo "2032"]
[BlackElo "2296"]
[PlyCount "59"]
[EventDate "2009.??.??"]

1. e4 e5 2. Nf3 Nc6 3. Bc4 Nf6 4. O-O Nxe4 5. Nc3 Nd6 6. Bd5 Be7 7. Bxc6 dxc6
8. Nxe5 O-O 9. d4 Nf5 10. Ne2 Be6 11. g4 Nh4 12. Nf4 Bd6 13. Nxe6 fxe6 14. f4
Bxe5 15. dxe5 g5 16. Be3 gxf4 17. Bxf4 Ng6 18. Bg3 Qg5 19. Qe2 Rad8 20. Rad1
Rxf1+ 21. Rxf1 Qd2 22. Qxd2 Rxd2 23. Rf2 Rd5 24. Re2 c5 25. Kf2 Ne7 26. Ke3 Rd4
27. Kf3 b5 28. c3 Rd3+ 29. Re3 Rd2 30. Re2 1/2-1/2

[Event "Open A"]
[Site "Kowalewo Pomorskie"]
[Date "2009.07.04"]
[Round "1.9"]
[White "Borgula, Rafal"]
[Black "Flazinski, Jozef"]
[Result "1-0"]
[WhiteElo "2283"]
[BlackElo "2009"]
[PlyCount "83"]
[EventDate "2009.??.??"]

1. d4 Nf6 2. c4 e6 3. Nf3 c5 4. e3 cxd4 5. exd4 Nc6 6. Nc3 Bb4 7. Bd3 d5 8. O-O
dxc4 9. Bxc4 Bxc3 10. bxc3 Qa5 11. Bb2 O-O 12. Bd3 e5 13. dxe5 Nxe5 14. Nxe5
Qxe5 15. Re1 Qc7 16. h3 Rd8 17. Qf3 Be6 18. c4 Bxc4 19. Bxc4 Qxc4 20. Bxf6 gxf6
21. Qxb7 Rab8 22. Qxa7 Rb2 23. a4 Rbd2 24. a5 Qc3 25. Qe3 R8d3 26. Qf4 Rd8 27.
a6 Ra2 28. Rxa2 Qxe1+ 29. Kh2 Qe5 30. Qxe5 fxe5 31. a7 Ra8 32. g4 Kg7 33. Ra6
h6 34. Kg3 f6 35. h4 Kg6 36. Kf3 Kg7 37. Ke4 h5 38. gxh5 Kh6 39. Rxf6+ Kxh5 40.
Ra6 Kxh4 41. Kxe5 Kg4 42. Kd6 1-0

[Event "Open A"]
[Site "Kowalewo Pomorskie"]
[Date "2009.07.04"]
[Round "1.10"]
[White "Klugiewicz, Jozef"]
[Black "Jaroch, Karol"]
[Result "0-1"]
[WhiteElo "1977"]
[BlackElo "2243"]
[PlyCount "40"]
[EventDate "2009.??.??"]

1. Nf3 f5 2. e4 fxe4 3. Ng5 Nf6 4. d3 e3 5. Bxe3 e5 6. d4 Nc6 7. dxe5 Nxe5 8.
Be2 Bb4+ 9. c3 Be7 10. f4 Ng6 11. O-O d5 12. Bh5 Bf5 13. g4 Nxh5 14. gxf5 Ngxf4
15. Nh3 Nxh3+ 16. Kh1 N3f4 17. Qa4+ Qd7 18. Qxd7+ Kxd7 19. Bxf4 Rhf8 20. Be5 g6
0-1

[Event "Open A"]
[Site "Kowalewo Pomorskie"]
[Date "2009.07.04"]
[Round "1.11"]
[White "Jaroch, Pawel"]
[Black "Sankiewicz, Grzegorz"]
[Result "1-0"]
[WhiteElo "2243"]
[BlackElo "1944"]
[PlyCount "85"]
[EventDate "2009.??.??"]

1. c4 c5 2. Nc3 Nc6 3. Nf3 e6 4. d4 cxd4 5. Nxd4 a6 6. e4 Nge7 7. Be2 Nxd4 8.
Qxd4 Nc6 9. Qe3 Bb4 10. a3 Bxc3+ 11. Qxc3 O-O 12. O-O Qf6 13. Qxf6 gxf6 14. Be3
a5 15. b4 Re8 16. b5 Ne7 17. Bc5 d5 18. exd5 exd5 19. Rfe1 dxc4 20. Bxc4 Be6
21. Bxe6 fxe6 22. Rxe6 Kf7 23. Rb6 Rab8 24. Bxe7 Rxe7 25. g3 Rd8 26. a4 Rd4 27.
Ra3 Kg7 28. Kg2 Kg6 29. h4 h5 30. Kh3 Kg7 31. Rf3 Rf7 32. Rf5 Rxa4 33. Rxh5 Rb4
34. Rd5 Rb2 35. f3 a4 36. Rd8 a3 37. Ra8 Rb3 38. Kg4 f5+ 39. Kf4 Rb4+ 40. Kg5
Rb3 41. Rg6+ Kh7 42. Rh6+ Kg7 43. Rah8 1-0

[Event "2Open A"]
[Site "Kowalewo Pomorskie"]
[Date "2009.07.05"]
[Round "2.1"]
[White "Rutkowski, Maciej"]
[Black "Grabarczyk, Miroslaw"]
[Result "1/2-1/2"]
[WhiteElo "2336"]
[BlackElo "2480"]
[PlyCount "59"]
[EventDate "2009.??.??"]

1. d4 d5 2. c4 e6 3. Nc3 Nf6 4. Nf3 Be7 5. Bf4 O-O 6. e3 Nbd7 7. h3 c5 8. dxc5
Nxc5 9. Be2 dxc4 10. Bxc4 a6 11. Ne5 Nfe4 12. Nxe4 Nxe4 13. a3 b5 14. Qxd8 Rxd8
15. Nc6 bxc4 16. Nxe7+ Kf8 17. Nc6 Rd5 18. Rc1 c3 19. bxc3 Rc5 20. Nb4 Bb7 21.
f3 Rxc3 22. Bd6+ Kg8 23. Rxc3 Nxc3 24. Be5 Nd5 25. Nxd5 Bxd5 26. O-O f6 27. Bd6
Rd8 28. Bc7 Rd7 29. Rc1 e5 30. Ba5 1/2-1/2

[Event "2Open A"]
[Site "Kowalewo Pomorskie"]
[Date "2009.07.05"]
[Round "2.2"]
[White "Mikrut, Dariusz"]
[Black "Borgula, Rafal"]
[Result "1/2-1/2"]
[WhiteElo "2400"]
[BlackElo "2283"]
[PlyCount "120"]
[EventDate "2009.??.??"]

1. d4 d5 2. c4 e6 3. Nf3 Nf6 4. cxd5 exd5 5. Nc3 Be7 6. Bg5 O-O 7. e3 Nbd7 8.
Bd3 c5 9. Qc2 cxd4 10. exd4 h6 11. Bh4 Nh5 12. Bg3 Nxg3 13. hxg3 Nf6 14. O-O
Be6 15. Rfe1 Rc8 16. Qb3 Rb8 17. Ne5 Bd6 18. Nb5 a6 19. Nxd6 Qxd6 20. Rac1 Rfc8
21. a4 Rxc1 22. Rxc1 Rc8 23. Rxc8+ Bxc8 24. Qc3 Bd7 25. f3 Kf8 26. a5 Ne8 27.
Qc5 Be6 28. b4 Ke7 29. Kf2 f6 30. Ng6+ Kd8 31. Nf4 Bf7 32. Bf5 Qxc5 33. dxc5
Nc7 34. Ke3 g5 35. Ne2 Nb5 36. Bd3 Nc7 37. Bf5 Nb5 38. Bd3 Nc7 39. Nd4 Be8 40.
Nf5 h5 41. Nd6 Bc6 42. Bg6 h4 43. gxh4 gxh4 44. Nf5 Ne6 45. Nd4 Bd7 46. Nf5 h3
47. gxh3 Nf8 48. Nh4 Bxh3 49. Bd3 Bd7 50. Nf5 Ne6 51. Nd6 Kc7 52. Nf5 Nd8 53.
Nd4 Nc6 54. Nxc6 Kxc6 55. Kd4 Be6 56. f4 Bh3 57. Kc3 Bg2 58. Bg6 Bf3 59. Be8+
Kc7 60. Kd4 Bg2 1/2-1/2

[Event "2Open A"]
[Site "Kowalewo Pomorskie"]
[Date "2009.07.05"]
[Round "2.3"]
[White "Jaroch, Karol"]
[Black "Brodowski, Piotr"]
[Result "1/2-1/2"]
[WhiteElo "2243"]
[BlackElo "2397"]
[PlyCount "76"]
[EventDate "2009.??.??"]

1. e4 c5 2. Nc3 Nc6 3. Nf3 Nf6 4. d4 cxd4 5. Nxd4 e5 6. Ndb5 d6 7. Bg5 a6 8.
Na3 b5 9. Nd5 Be7 10. Bxf6 Bxf6 11. Be2 O-O 12. c3 Rb8 13. Nc2 Bg5 14. Bg4 Be6
15. O-O Qd7 16. Nce3 g6 17. Bxe6 fxe6 18. Qg4 Bd8 19. a4 Rf7 20. axb5 Rxb5 21.
Nb4 Nxb4 22. cxb4 Rxb4 23. Rxa6 Bb6 24. Qe2 Qb7 25. Qd3 Bc5 26. Rxd6 Bxd6 27.
Qxd6 Qxe4 28. Qxe6 Kg7 29. b3 Rbb7 30. h3 h5 31. Re1 Qf4 32. f3 Qg3 33. Re2
Rbe7 34. Qd5 Rd7 35. Qe4 Rd4 36. Qc6 Re7 37. Qc3 Kh7 38. Nf1 Qf4 1/2-1/2

[Event "2Open A"]
[Site "Kowalewo Pomorskie"]
[Date "2009.07.05"]
[Round "2.4"]
[White "Budrewicz, Krzysztof"]
[Black "Jaroch, Pawel"]
[Result "1-0"]
[WhiteElo "2374"]
[BlackElo "2243"]
[PlyCount "53"]
[EventDate "2009.??.??"]

1. d4 Nf6 2. Bg5 e6 3. e4 h6 4. Bxf6 Qxf6 5. Nc3 d6 6. Nf3 Qe7 7. Bd3 g6 8. e5
d5 9. O-O a6 10. a4 c5 11. dxc5 Qxc5 12. Qd2 Nc6 13. a5 Rb8 14. Rfd1 Bg7 15.
Qf4 Qb4 16. Qg3 Qxb2 17. Na4 Qb4 18. Rdb1 Qe7 19. c4 O-O 20. Nb6 dxc4 21. Nxc4
Qc7 22. Rc1 Bd7 23. h4 f6 24. Qxg6 f5 25. Nd6 Rbd8 26. Bc4 Qb8 27. Nxf5 1-0

[Event "2Open A"]
[Site "Kowalewo Pomorskie"]
[Date "2009.07.05"]
[Round "2.5"]
[White "Kaczmarek, Piotr"]
[Black "Brzeski, Maciej"]
[Result "0-1"]
[WhiteElo "1897"]
[BlackElo "2361"]
[PlyCount "101"]
[EventDate "2009.??.??"]

1. e4 c5 2. Nc3 Nc6 3. g3 g6 4. Bg2 Bg7 5. d3 e6 6. Be3 Nd4 7. Nce2 Ne7 8. c3
Nxe2 9. Nxe2 b6 10. d4 cxd4 11. Nxd4 O-O 12. O-O d5 13. f4 Ba6 14. Re1 dxe4 15.
Bxe4 Rb8 16. Qa4 Bb7 17. Bxb7 Rxb7 18. Rad1 Nd5 19. Bf2 Qd7 20. Qxd7 Rxd7 21.
Nf3 b5 22. Bd4 Rc8 23. Bxg7 Kxg7 24. a3 Rb7 25. Ne5 h6 26. Rd4 a5 27. c4 bxc4
28. Rxc4 Rxc4 29. Nxc4 a4 30. Re2 Rb3 31. Na5 Rb5 32. Nc4 g5 33. fxg5 hxg5 34.
Nd6 Rb6 35. Ne4 Kg6 36. Nc5 Rc6 37. Nxa4 Rc4 38. b4 Rc1+ 39. Kf2 Ra1 40. Rb2
Rxa3 41. Nc5 Rc3 42. Nd7 Rc7 43. Ne5+ Kf5 44. Nd3 Rc3 45. Ke2 Ke4 46. Nc5+ Kd4
47. Nd7 Rc7 48. Nc5 Kc4 49. Ne4 Nc3+ 50. Nxc3 Kxc3 51. Rb1 0-1

[Event "2Open A"]
[Site "Kowalewo Pomorskie"]
[Date "2009.07.05"]
[Round "2.6"]
[White "Plichta, Kamil"]
[Black "Rogala, Robert"]
[Result "1-0"]
[WhiteElo "2039"]
[BlackElo "2032"]
[PlyCount "91"]
[EventDate "2009.??.??"]

1. d4 Nf6 2. c4 e6 3. Nc3 Bb4 4. Qc2 c5 5. dxc5 Qa5 6. Bd2 Na6 7. a3 Bxc5 8. e3
O-O 9. Nf3 Qd8 10. Bd3 Be7 11. b4 Nc7 12. e4 d6 13. e5 dxe5 14. Nxe5 a5 15. b5
Bc5 16. O-O Bd4 17. Nf3 h6 18. Nxd4 Qxd4 19. Rad1 Qh4 20. Na4 e5 21. Nb6 e4 22.
Be2 Ne6 23. Be3 Rb8 24. Qd2 Ng5 25. Bf4 Bg4 26. Bxb8 Bxe2 27. Qxe2 Rxb8 28. Qe3
Nh5 29. Nd5 Rf8 30. Ne7+ Kh7 31. Nf5 Qg4 32. Ng3 f5 33. Qe2 Qxe2 34. Nxe2 f4
35. f3 exf3 36. gxf3 Re8 37. Nc1 Rc8 38. Rd4 Ne6 39. Rd7 Nc5 40. Rd5 Nf6 41.
Rd2 Ne6 42. Nb3 a4 43. Nd4 Nc5 44. Re1 g5 45. Re7+ Kg8 46. Nf5 1-0

[Event "2Open A"]
[Site "Kowalewo Pomorskie"]
[Date "2009.07.05"]
[Round "2.7"]
[White "Maciejewski, Miroslaw"]
[Black "Banasik, Krzysztof"]
[Result "1-0"]
[WhiteElo "2296"]
[BlackElo "2300"]
[PlyCount "51"]
[EventDate "2009.??.??"]

1. e4 e6 2. d4 d5 3. Nd2 Nf6 4. e5 Nfd7 5. Bd3 c5 6. c3 Nc6 7. Ngf3 cxd4 8.
cxd4 Be7 9. O-O O-O 10. Re1 f5 11. exf6 Bxf6 12. Rxe6 Nxd4 13. Nxd4 Bxd4 14.
Qh5 Bxf2+ 15. Kh1 Nf6 16. Rxf6 Rxf6 17. Qxh7+ Kf7 18. Nf3 Qg8 19. Ng5+ Kf8 20.
Qh5 Bd4 21. Bd2 Ke7 22. Bh7 Qd8 23. Re1+ Kd6 24. Nf7+ Rxf7 25. Qxf7 Qf6 26.
Bf4+ 1-0

[Event "2Open A"]
[Site "Kowalewo Pomorskie"]
[Date "2009.07.05"]
[Round "2.8"]
[White "Kubicki, Marek"]
[Black "Choroszej, Aleksander"]
[Result "1-0"]
[WhiteElo "2152"]
[BlackElo "2067"]
[PlyCount "49"]
[EventDate "2009.??.??"]

1. e4 d6 2. d4 Nf6 3. Nc3 g6 4. f3 c6 5. Be3 Nbd7 6. Qd2 b5 7. Nh3 b4 8. Nd1
Rb8 9. Be2 Qa5 10. O-O e5 11. Ndf2 exd4 12. Bxd4 c5 13. Be3 Ba6 14. Bxa6 Qxa6
15. Rfd1 Ne5 16. f4 Nc4 17. Qe2 Qb5 18. e5 dxe5 19. fxe5 Nxe3 20. Qxe3 Nh5 21.
e6 f6 22. Rd7 Be7 23. g4 Ng7 24. Rad1 Qc4 25. Qg3 1-0

[Event "2Open A"]
[Site "Kowalewo Pomorskie"]
[Date "2009.07.05"]
[Round "2.9"]
[White "Bernacki, Krzysztof"]
[Black "Zurkowski, Andrzej"]
[Result "0-1"]
[WhiteElo "2074"]
[BlackElo "2150"]
[PlyCount "66"]
[EventDate "2009.??.??"]

1. e4 d5 2. exd5 Nf6 3. d4 Nxd5 4. c4 Nb6 5. Nf3 g6 6. a4 a5 7. c5 Nd5 8. Bc4
c6 9. Nc3 Nxc3 10. bxc3 Bg7 11. Qb3 O-O 12. Ng5 Qe8 13. O-O h6 14. Nf3 Nd7 15.
Re1 g5 16. Ra2 e5 17. Rae2 Qe7 18. Nxe5 Nxe5 19. dxe5 Be6 20. Be3 Bxc4 21. Qxc4
Qxe5 22. Bd4 Qf5 23. h3 Rad8 24. Re7 Rd7 25. Bxg7 Kxg7 26. R7e5 Qf6 27. h4 Rd2
28. R5e2 Rfd8 29. hxg5 hxg5 30. Qg4 R2d5 31. Re3 Rh8 32. Rf3 Qg6 33. Re7 Qb1+
0-1

[Event "2Open A"]
[Site "Kowalewo Pomorskie"]
[Date "2009.07.05"]
[Round "2.10"]
[White "Wisniewski, Adam"]
[Black "Klugiewicz, Jozef"]
[Result "1-0"]
[WhiteElo "2105"]
[BlackElo "1977"]
[PlyCount "35"]
[EventDate "2009.??.??"]

1. e4 c5 2. Nf3 d6 3. c3 Nf6 4. Be2 Nc6 5. d4 cxd4 6. cxd4 Nxe4 7. d5 Qa5+ 8.
Nc3 Nxc3 9. bxc3 Ne5 10. Nxe5 Qxc3+ 11. Bd2 Qxe5 12. O-O Bd7 13. Re1 b6 14. Rc1
Rg8 15. Qc2 g6 16. Bg4 Qxe1+ 17. Rxe1 Bxg4 18. Qc6+ 1-0

[Event "2Open A"]
[Site "Kowalewo Pomorskie"]
[Date "2009.07.05"]
[Round "2.11"]
[White "Flazinski, Jozef"]
[Black "Kuchnio, Przemyslaw"]
[Result "0-1"]
[WhiteElo "2009"]
[BlackElo "2093"]
[PlyCount "64"]
[EventDate "2009.??.??"]

1. e4 Nf6 2. e5 Nd5 3. d4 d6 4. f4 dxe5 5. fxe5 c5 6. c4 Nb4 7. d5 Bf5 8. Na3
e6 9. Nf3 exd5 10. cxd5 Qxd5 11. Bb5+ N8c6 12. Qxd5 Nxd5 13. Bxc6+ bxc6 14. O-O
Be7 15. Bg5 c4 16. Bxe7 Kxe7 17. Nxc4 Bd3 18. Rfc1 Nf4 19. Nd4 c5 20. g3 Nh3+
21. Kg2 cxd4 22. Kxh3 Ke6 23. b3 Rhc8 24. Nd6 Rc3 25. Kg4 f6 26. Rxc3 dxc3 27.
Nb7 Kxe5 28. Nc5 Be2+ 29. Kh3 Kd4 30. Re1 Kxc5 31. Rxe2 Rc8 32. Re4 Kd5 0-1

[Event "Miedzynarodowy Turniej Szachowy Kowalewo"]
[Site "Kowalewo Pomorskie"]
[Date "2009.07.06"]
[Round "3.1"]
[White "Brzeski, Maciej"]
[Black "Plichta, Kamil"]
[Result "0-1"]
[WhiteElo "2361"]
[BlackElo "2039"]
[PlyCount "50"]
[EventDate "2009.??.??"]

1. e4 c5 2. Nf3 Nc6 3. d4 cxd4 4. Nxd4 g6 5. c4 Bg7 6. Nc2 Nh6 7. Nc3 O-O 8.
Be2 d6 9. O-O f5 10. Ne3 f4 11. Ng4 Nxg4 12. Bxg4 Ne5 13. Bxc8 Qxc8 14. Nd5
Qxc4 15. Nxe7+ Kf7 16. Nd5 f3 17. gxf3 Kg8 18. f4 Nd3 19. Qb3 Qxb3 20. axb3 Nc5
21. f3 Nxb3 22. Ra4 a5 23. Nb6 Ra6 24. Be3 Nc5 25. b3 Rxb6 0-1

[Event "Miedzynarodowy Turniej Szachowy Kowalewo"]
[Site "Kowalewo Pomorskie"]
[Date "2009.07.06"]
[Round "3.2"]
[White "Grabarczyk, Miroslaw"]
[Black "Budrewicz, Krzysztof"]
[Result "1-0"]
[WhiteElo "2480"]
[BlackElo "2374"]
[PlyCount "121"]
[EventDate "2009.??.??"]

1. d4 Nf6 2. c4 g6 3. Nf3 Bg7 4. g3 O-O 5. Bg2 d6 6. Nc3 Nc6 7. O-O a6 8. Bf4
h6 9. d5 Na5 10. b3 c5 11. dxc6 Nxc6 12. Rc1 Bd7 13. Nd5 Nxd5 14. cxd5 Na7 15.
Qd2 Kh7 16. Be3 a5 17. a4 Nc8 18. Nd4 Nb6 19. Nc6 bxc6 20. dxc6 Ra6 21. cxd7
Nxd7 22. Qd3 Rb6 23. Bxb6 Qxb6 24. Qb5 Qa7 25. Rc6 Nc5 26. Qb6 Qxb6 27. Rxb6
Bc3 28. e3 Kg7 29. Bd5 Bb4 30. Bc4 Rc8 31. Ra1 Rc7 32. Ra2 e6 33. Rc2 Rd7 34.
Kg2 Rd8 35. h4 Kf6 36. Rb2 Rc8 37. Bb5 Rd8 38. Rc6 h5 39. Kf3 Ke5 40. Ke2 Rb8
41. Rc7 Kf6 42. f3 Rd8 43. Rb1 d5 44. Rb2 e5 45. Rc2 Nxb3 46. Rc8 Rd6 47. R2c6
e4 48. Rd8 exf3+ 49. Kxf3 Ke7 50. Rcxd6 Bxd6 51. Ra8 Bb4 52. Ra7+ Kf6 53. Be8
Be7 54. Ra6+ Kg7 55. Bc6 Nd2+ 56. Ke2 Ne4 57. Rxa5 Nxg3+ 58. Kd3 Bxh4 59. Rxd5
Nf5 60. a5 Bf2 61. Rxf5 1-0

[Event "Miedzynarodowy Turniej Szachowy Kowalewo"]
[Site "Kowalewo Pomorskie"]
[Date "2009.07.06"]
[Round "3.3"]
[White "Jaroch, Karol"]
[Black "Mikrut, Dariusz"]
[Result "0-1"]
[WhiteElo "2243"]
[BlackElo "2400"]
[PlyCount "82"]
[EventDate "2009.??.??"]

1. e4 c5 2. Nc3 Nc6 3. f4 g6 4. Nf3 Bg7 5. Bc4 e6 6. O-O Nge7 7. e5 d5 8. exd6
Nf5 9. Bb5 Qxd6 10. d3 O-O 11. Ne4 Qc7 12. Bxc6 Qxc6 13. Ne5 Qc7 14. g4 Nd6 15.
Ng3 f6 16. Nf3 b6 17. Qe2 Bb7 18. Qxe6+ Kh8 19. Qe2 f5 20. Ne5 fxg4 21. Bd2 Bf3
22. Nxf3 gxf3 23. Qxf3 Bxb2 24. Rae1 Bd4+ 25. Kh1 Rae8 26. Rxe8 Rxe8 27. Re1
Rxe1+ 28. Bxe1 Qf7 29. c4 Nf5 30. Qa8+ Kg7 31. Ne4 h6 32. Qc6 Kh7 33. a4 Qe7
34. Qd5 Ne3 35. Qc6 Nc2 36. Bd2 Bg7 37. Ng3 Nb4 38. Bxb4 cxb4 39. Qe4 Qf6 40.
Ne2 b3 41. d4 Qf5 0-1

[Event "Miedzynarodowy Turniej Szachowy Kowalewo"]
[Site "Kowalewo Pomorskie"]
[Date "2009.07.06"]
[Round "3.4"]
[White "Brodowski, Piotr"]
[Black "Maciejewski, Miroslaw"]
[Result "1/2-1/2"]
[WhiteElo "2397"]
[BlackElo "2296"]
[PlyCount "64"]
[EventDate "2009.??.??"]

1. c4 c5 2. Nf3 Nf6 3. d4 cxd4 4. Nxd4 e6 5. g3 Bb4+ 6. Bd2 Qb6 7. Bxb4 Qxb4+
8. Qd2 Nc6 9. Nc3 Nxd4 10. Qxd4 d5 11. O-O-O Qxc4 12. Qxc4 dxc4 13. e4 Bd7 14.
Bxc4 Rc8 15. Bd3 Bc6 16. Kb1 Ke7 17. f3 Rcd8 18. Kc2 h5 19. h4 Rhg8 20. b4 b6
21. Bb5 Bb7 22. Rxd8 Rxd8 23. Rd1 Rxd1 24. Kxd1 e5 25. Kd2 Nd7 26. Bxd7 Kxd7
27. Ke3 a6 28. a3 Bc6 29. Nd1 Ba4 30. Nb2 Bb3 31. Kd3 Kc6 32. Kc3 Be6 1/2-1/2

[Event "Miedzynarodowy Turniej Szachowy Kowalewo"]
[Site "Kowalewo Pomorskie"]
[Date "2009.07.06"]
[Round "3.5"]
[White "Borgula, Rafal"]
[Black "Rutkowski, Maciej"]
[Result "1/2-1/2"]
[WhiteElo "2283"]
[BlackElo "2336"]
[PlyCount "95"]
[EventDate "2009.??.??"]

1. d4 Nf6 2. c4 c5 3. Nf3 cxd4 4. Nxd4 g6 5. g3 Bg7 6. Bg2 O-O 7. O-O Nc6 8.
Nc3 Nxd4 9. Qxd4 d6 10. Bg5 Be6 11. Qh4 Qa5 12. Rac1 Rac8 13. b3 Rc5 14. Nd5
Bxd5 15. cxd5 Rxc1 16. Rxc1 Qxa2 17. Qc4 a6 18. Rc2 Qb1+ 19. Rc1 Qf5 20. Be3 b5
21. Qc6 Ng4 22. Ba7 Qh5 23. h3 Ne5 24. Qc2 Nd7 25. Qc6 Ne5 26. Qc2 Nd7 27. Qc6
Nc5 28. Bxc5 dxc5 29. e3 Qe2 30. Qxc5 Qb2 31. Be4 Bf6 32. Rb1 Qe5 33. Bg2 Rd8
34. Qc6 Qc3 35. Be4 Qb4 36. Bd3 Qa3 37. h4 h5 38. Kg2 Kg7 39. Be2 Rd6 40. Qb7
Qc5 41. Kf1 Rxd5 42. Rd1 Rxd1+ 43. Bxd1 Qd6 44. Be2 Qe6 45. Bd1 Qh3+ 46. Ke2
Qg4+ 47. Qf3 Qb4 48. Qd5 1/2-1/2

[Event "Miedzynarodowy Turniej Szachowy Kowalewo"]
[Site "Kowalewo Pomorskie"]
[Date "2009.07.06"]
[Round "3.6"]
[White "Jaroch, Pawel"]
[Black "Wisniewski, Adam"]
[Result "1-0"]
[WhiteElo "2243"]
[BlackElo "2105"]
[PlyCount "97"]
[EventDate "2009.??.??"]

1. c4 Nf6 2. Nc3 g6 3. d4 Bg7 4. Nf3 O-O 5. g3 d6 6. Bg2 Nc6 7. O-O a6 8. Bf4
Nh5 9. Be3 Rb8 10. Qd2 Na5 11. b3 c6 12. Bh6 b5 13. Bxg7 Kxg7 14. c5 Be6 15.
Rad1 Nf6 16. Ng5 Bd7 17. cxd6 exd6 18. Nce4 h6 19. Nxf6 Qxf6 20. Ne4 Qd8 21.
Nxd6 Be6 22. Ne4 Bd5 23. Nc5 Bxg2 24. Kxg2 Ra8 25. e4 Ra7 26. d5 cxd5 27. Qc3+
d4 28. Rxd4 Qf6 29. Qd2 Qg5 30. Qxg5 hxg5 31. Rd6 Rc8 32. Rxa6 Rxa6 33. Nxa6
Rc2 34. Nb4 Rd2 35. Kf3 Rb2 36. Ke3 g4 37. Rd1 Nc4+ 38. bxc4 Rxb4 39. cxb5 Rxb5
40. Rd2 Ra5 41. Kf4 Ra4 42. Kxg4 Rxe4+ 43. Kf3 Re1 44. h4 Rb1 45. Ke3 Ra1 46.
Kd3 Rc1 47. Rc2 Rb1 48. Kc4 Kh6 49. a4 1-0

[Event "Miedzynarodowy Turniej Szachowy Kowalewo"]
[Site "Kowalewo Pomorskie"]
[Date "2009.07.06"]
[Round "3.7"]
[White "Sankiewicz, Grzegorz"]
[Black "Kubicki, Marek"]
[Result "0-1"]
[WhiteElo "1944"]
[BlackElo "2152"]
[PlyCount "46"]
[EventDate "2009.??.??"]

1. d4 c5 2. Nf3 cxd4 3. Qxd4 Nc6 4. Qd1 d5 5. e3 Bg4 6. Be2 Nf6 7. O-O e5 8.
Nbd2 Bxf3 9. Bxf3 e4 10. Be2 Qc7 11. Nb3 Bd6 12. h3 Qe7 13. Nd4 Qe5 14. f4 exf3
15. Nxf3 Qe7 16. c4 dxc4 17. Bxc4 O-O 18. Nd4 Qe5 19. Nf3 Qc5 20. Bd3 Rad8 21.
Qc2 Qh5 22. Bd2 Ne5 23. Nd4 Nxd3 0-1